000 00633cam a22002291 4500
001 sa 67003300
003 DLC
005 20260227112337.0
008 890823s1964 ii abc 100 0 urdr
010 _asa 67003300
035 _a(OCoLC)20240280
040 _aDLC
_cWaU
_dDLC
042 _apremarc
050 0 0 _aPK1971
_b.R3 1963
111 2 _aAll Rajasthan Urdu Symposium,
_cJaipur,
_d1963.
245 1 0 _aRūdād.
260 _c1964.
300 _a108 p.
_billus., ports., maps.
_c25 cm.
500 _aIn Urdu.
650 0 _aUrdu philology
_vCongresses.
700 2 _aShāg̲h̲il ʻUs̲mānī, Iḥtiramuddīn Aḥmad,
_d1896-
999 _c73774
_d73774